El procedimiento pericial de determinacin̤ del daǫ en los seguros

Detalles Bibliográficos
Autor principal: Martn̕ez Caęllas, Anselmo
Formato: eBook
Lenguaje:español
Publicado: Madrid: Dykinson, 2020
Materias:
Acceso en línea:Acceso restringido

MARC

LEADER 00000nam a22000007a 4500
005 20201103222550.0
007 cr|||| ||||
008 201103s2020 es |||||s|||| 00||0 spa d
020 |a 978-84-1324-857-8 
035 |a 32271 
040 |a vLex 
090 |c 10835  |d 10835 
100 1 |a Martn̕ez Caęllas, Anselmo 
245 1 2 |a El procedimiento pericial de determinacin̤ del daǫ en los seguros  |h [Recurso electrn̤ico] /  |c Anselmo Martn̕ez Caęllas 
256 |a Servicio en ln̕ea 
260 |a Madrid:  |b Dykinson,  |c 2020 
300 |a 1 recurso electrn̤ico 
500 |a (tras la regulacin̤ del procedimiento de nombramiento de tercer perito en la Ley de Jurisdiccin̤ Voluntaria) El artc̕ulo 38 de la Ley 50/1980, de 8 de octubre, del Contrato de seguro regula el procedimiento extrajudicial de resolucin̤ de conflictos, especf̕ico de los contratos de seguro, para la liquidacin̤ de siniestros por parte de peritos arbitradores. La Ley 15/2015, de 2 de julio, de Jurisdiccin̤ Voluntaria, intent ̤agilizarlo, al encargar su tramitacin̤ a los Letrados de la Administracin̤ de Justicia y a los Notarios, pero no introdujo en el texto del artc̕ulo modificaciones que integraran la evolucin̤ jurisprudencial de la institucin̤. El presente libro analiza este procedimiento pericial de determinacin̤ de la indemnizacin̤, el alcance de su naturaleza obligatoria, que lo distingue del arbitraje, y los problemas constitucionales que puede plantear. Seguidamente, analiza el art. 38 de la Ley del Contrato de seguro, y los artc̕ulos 136 a 138 de la Ley de Jurisdiccin̤ Voluntaria y el artc̕ulo 80 de la Ley Notarial, que lo desarrollan. El anl̀isis pone de manifiesto inconsistencias de dicha normativa y ordena las interpretaciones jurisprudenciales de los l︢timos treinta aǫs sobre la materia, que, lamentablemente, no se han reflejado en la reforma operada por la Ley de Jurisdiccin̤ Voluntaria. Finalmente, analiza la aplicabilidad de este procedimiento a seguros distintos del seguro de daǫs. En las conclusiones se ofrecen opiniones de lege ferenda, para mejorar la normativa, y criterios interpretativos para una correcta aplicacin̤ de estos preceptos. 
506 1 |a Disponible solo en los productos indicados  |d vLex Global  |d vLex Global (Academic Edition, excluding Law Schools)  |d vLex Global (U.S. Academic Edition, Law Schools)  |d vLex Global (U.S. Academic Edition, excluding Law Schools)  |d vLex Global (Academic Edition, Law Schools) 
650 0 4 |a Derecho Mercantil y de la Empresa  |z Espaą 
740 0 |a vLex Libros (Servicio en ln̕ea) 
856 4 0 |u http://vlex.com/source/procedimiento-pericial-de-determinacion-del-da-o-en-los-seguros-tras-la-regulacion-del-procedimiento-de-nombramiento-de-tercer-perito-en-la-ley-de-jurisdiccion-voluntaria--32271  |z Acceso restringido 
942 |c BOOK 
999 0 |a Commercial and Company Law